| 000 | 00340cam a22001217a 4500 | ||
|---|---|---|---|
| 008 | 180718b1989 xxu||||| |||| 00| 0 eng d | ||
| 082 | _aB73x54 M314 | ||
| 100 | _aManikyamba, P. | ||
| 245 |
_aWomen in panchayati raj structures _cby P. Manikyamba |
||
| 260 |
_aNew Delhi _bGian _c1989 |
||
| 300 | _a142p. | ||
| 650 | _aWomen in politics --India. | ||
| 999 |
_c349919 _d349919 |
||